Statistics for County Seats of South Carolina

Click here to take the quiz!

General Stats

  • This quiz has been taken 278 times
  • The average score is 30 of 46

Answer Stats

CountyCounty Seat% Correct
AikenAiken
89%
CharlestonCharleston
81%
FlorenceFlorence
81%
DarlingtonDarlington
80%
GreenvilleGreenville
80%
ChesterChester
79%
RichlandColumbia
79%
OrangeburgOrangeburg
79%
SpartanburgSpartanburg
79%
DillonDillon
78%
UnionUnion
78%
YorkYork
78%
AbbevilleAbbeville
77%
AllendaleAllendale
77%
AndersonAnderson
77%
BeaufortBeaufort
77%
GreenwoodGreenwood
77%
SumterSumter
77%
BambergBamberg
76%
LexingtonLexington
76%
PickensPickens
76%
BarnwellBarnwell
75%
LancasterLancaster
74%
MarionMarion
74%
NewberryNewberry
74%
EdgefieldEdgefield
73%
GeorgetownGeorgetown
73%
HamptonHampton
73%
McCormickMcCormick
73%
LaurensLaurens
71%
SaludaSaluda
71%
ChesterfieldChesterfield
69%
HorryConway
66%
CherokeeGaffney
46%
ColletonWalterboro
45%
KershawCamden
43%
OconeeWalhalla
43%
ClarendonManning
40%
BerkeleyMoncks Corner
38%
WilliamsburgKingstree
37%
LeeBishopville
34%
FairfieldWinnsboro
33%
MarlboroBennettsville
32%
CalhounSt. Matthews
31%
JasperRidgeland
26%
DorchesterSt. George
26%

Score Distribution

Percentile by Number Answered

Percent of People with Each Score

Your Score History

You have not taken this quiz